<?xml version="1.0" encoding="UTF-8"?>
<record
    xmlns:xsi="http://www.w3.org/2001/XMLSchema-instance"
    xsi:schemaLocation="http://www.loc.gov/MARC21/slim http://www.loc.gov/standards/marcxml/schema/MARC21slim.xsd"
    xmlns="http://www.loc.gov/MARC21/slim">

  <leader>00947nam a2200181Ia 4500</leader>
  <datafield tag="952" ind1=" " ind2=" ">
    <subfield code="0">0</subfield>
    <subfield code="1">0</subfield>
    <subfield code="2">lcc</subfield>
    <subfield code="4">0</subfield>
    <subfield code="7">0</subfield>
    <subfield code="a">01</subfield>
    <subfield code="b">01</subfield>
    <subfield code="d">2022-09-21</subfield>
    <subfield code="l">0</subfield>
    <subfield code="o">B1853.E8 M5</subfield>
    <subfield code="p">16 001855</subfield>
    <subfield code="r">2023-07-12</subfield>
    <subfield code="t">1</subfield>
    <subfield code="w">2022-09-21</subfield>
    <subfield code="y">LB</subfield>
  </datafield>
  <datafield tag="999" ind1=" " ind2=" ">
    <subfield code="c">70819</subfield>
    <subfield code="d">70819</subfield>
  </datafield>
  <controlfield tag="008">120626s1994    ck            000 0 spa d</controlfield>
  <datafield tag="020" ind1=" " ind2=" ">
    <subfield code="a">9583001562</subfield>
  </datafield>
  <datafield tag="050" ind1=" " ind2=" ">
    <subfield code="a">B1853.E8</subfield>
    <subfield code="b">M5</subfield>
  </datafield>
  <datafield tag="100" ind1=" " ind2=" ">
    <subfield code="a">Descartes, Ren&#xE9;</subfield>
    <subfield code="d">,1596-1650</subfield>
    <subfield code="e">, autor</subfield>
  </datafield>
  <datafield tag="245" ind1=" " ind2=" ">
    <subfield code="a">Meditaciones metaf&#xED;sicas </subfield>
    <subfield code="c">/ Ren&#xE9;, Descartes</subfield>
  </datafield>
  <datafield tag="260" ind1=" " ind2=" ">
    <subfield code="a">Colombia</subfield>
    <subfield code="b">: Panamericana</subfield>
    <subfield code="c">, 1994</subfield>
  </datafield>
  <datafield tag="300" ind1=" " ind2=" ">
    <subfield code="a">76 p&#xE1;ginas</subfield>
  </datafield>
  <datafield tag="500" ind1=" " ind2=" ">
    <subfield code="a">Incluye: Pr&#xF3;logo (pp. v-viii), Prefacio al lector (pp.1-4), Biograf&#xED;a (p.
 77)</subfield>
  </datafield>
  <datafield tag="505" ind1=" " ind2=" ">
    <subfield code="a">I. De las cosas que pueden ponerse en duda  
II. De la naturaleza de la mente humana, que es m&#xE1;s conocida que el cuerpo  
III. De Dios, que existe  
IV. De lo verdadero y de lo falso  
V. De la esencia de las cosas materiales; y otra vez de Dios y sus existencia  
VI. De la existencia de las cosas materiales y de la distinci&#xF3;n real entre el alma y el cuerpo  
</subfield>
  </datafield>
  <datafield tag="519" ind1=" " ind2=" ">
    <subfield code="a">Material Complementario /
</subfield>
    <subfield code="d">(16 001855)</subfield>
    <subfield code="c"> </subfield>
  </datafield>
  <datafield tag="650" ind1=" " ind2="0">
    <subfield code="a">METAF&#xCD;SICA</subfield>
  </datafield>
  <datafield tag="942" ind1=" " ind2=" ">
    <subfield code="c">LB</subfield>
    <subfield code="2">lcc</subfield>
  </datafield>
</record>
